| 000 | 00857cab a2200301 4500 | ||
|---|---|---|---|
| 001 | ABS51733 | ||
| 008 | 090401t1994 xxu||||| |||| 00| 0 eng d | ||
| 035 | _a(Sirsi) u42243 | ||
| 041 | _aeng | ||
| 100 | _aHampton, D. | ||
| 245 | _aBuilding on energy efficiency | ||
| 260 | _c1994 | ||
| 350 | _a0 | ||
| 490 |
_aPlanning Week _v2(47) 24 November 1994, 12-13(2) |
||
| 520 | _aDiscusses recent activities of planners in promoting energy efficiency and highlights information available. | ||
| 650 | _aBRECSU | ||
| 650 | _aBREEAM | ||
| 650 | _aBUILDING REGULATIONS PART L | ||
| 650 | _aENERGY EFFICIENCY | ||
| 650 | _aENERGY MANAGEMENT | ||
| 650 | _aENERGY PLANNING | ||
| 650 | _aPLANNING SYSTEM | ||
| 650 | _aPPG12 | ||
| 690 | _aENVIRONMENTAL AND LAND CONSULTANCY-ENERGY | ||
| 700 | _aBarnett, C. | ||
| 942 | _n0 | ||
| 948 | _c04/03/1997 | ||
| 999 |
_c27130 _d27130 |
||